000 01174naa a22002657a 4500
001 BR7500585
003 BR-BrBNA
005 20240918173718.0
007 ta
008 230509b bl.||||| |||| 00| 0 por d
040 _aBR-BrBNA
_bpor
_cBiblioteca Nacional de Agricultura
041 _a(Pt)
072 _aP12
090 _aP12 BR7500585
100 1 _aCaixeta, T.J. (Empresa de Pesquisa Agropecuaria de Minas Gerais, Belo Horizonte (Brazil)) Teixeira, H.A. (Escola Superior de Agricultura de Lavras, MG (Brazil))
111 1 _a5. Congresso Nacional de Engenharia gricola
_cLavras, MG (Brazil)
_d16 Jul 1975
245 1 _aDeterminacao das curvas de vazao em microtubos de plastico, apropriados para irrigacao por gotejamento
260 3 _aLavras, MG (Brasil):
_c1975.
500 _aAnais do 5. Congresso Nacional de Engenharia Agricola Lavras, MG (Brasil): 1975. v. 1(pt. 1)p. 11-19 (BR7500585-AM)P12
650 _aIrrigacao
650 _aIrrigacao por gotejamento
773 0 _tAnais do 5. Congresso Nacional de Engenharia Agricola
_wP12 BR7500585
_gLavras, MG (Brasil), 1975. v. 1(pt. 1)p. 11-19
909 _a202404
_bLucia
_c55
_dLucia Elande
942 _cAM
_2AGRIS
999 _c306368
_d306368